Mysli v rasplokh.

Guardat en:
Dades bibliogràfiques
Autor principal: Tert︠s︡, Abram, 1925-
Altres autors: Field, Andrew, 1938-
Format: Llibre
Idioma:Russian
Publicat: n.p., 1966.
Matèries:
LEADER 00820nam a22002171 4500
001 c000210999
003 CARM
005 20021125002200.0
008 870210s1966 xx 0 rus d
019 1 |a 5232542  |5 LACONCORD2021 
035 |a (OCoLC)219885804  |5 LACONCORD2021 
100 1 |a Tert︠s︡, Abram,  |d 1925- 
245 1 0 |a Mysli v rasplokh. 
260 |a n.p.,  |c 1966. 
500 |a Added t.p.: Thought unaware; with an interpretive essay on the literary art of Abram Tertz by A.Field. 
650 0 |a Aphorisms and apothegms. 
700 1 |a Field, Andrew,  |d 1938- 
852 8 |b CARM  |h A2:AN02B0  |i A03332  |p 0298228  |f BK 
082 0 4 |a 891.784 
999 f f |i 94c5a449-afee-5ca4-803d-eb37a4ff395e  |s cbd7b982-a9e7-517d-9618-6b1bcb5006eb 
952 f f |p Can circulate  |a CAVAL  |b CAVAL  |c CAVAL  |d CARM 1 Store  |e A03332  |f A2:AN02B0  |h Other scheme  |i book  |m 0298228